[Event "DEM U18w 2021"]
[Site "Willingen GER"]
[Date "2021.08.24"]
[Round "3"]
[White "Bardorz, Jana"]
[Black "Schilay, Maria"]
[Result "1-0"]
[Termination "normal"]
[Board "6"]
[WhiteElo "1883"]
[BlackElo "1481"]
[WhiteClock "00:04:38"]
[BlackClock "00:00:37"]
[PlyCount "85"]
[WhiteFideId "16208897"]
[BlackFideId "12942979"]
[EventCountry "GER"]
[EventRounds "9"]
[EventType "swiss"]
[EventDate "2021.08.22"]

1. e4 {[%clk 1:30:57]} e5 {[%clk 1:30:46]} 2. Nf3 {[%clk 1:31:20]} Nc6 {[%clk
1:31:00]} 3. Bc4 {[%clk 1:31:42]} Nf6 {[%clk 1:30:42]} 4. d3 {[%clk 1:32:00]}
Bc5 {[%clk 1:29:47]} 5. c3 {[%clk 1:31:47]} O-O {[%clk 1:27:56]} 6. O-O {[%clk
1:31:46]} d6 {[%clk 1:25:51]} 7. Bb3 {[%clk 1:29:48]} Bg4 {[%clk 1:23:54]} 8.
Nbd2 {[%clk 1:26:27]} d5 {[%clk 1:12:21]} 9. exd5 {[%clk 1:24:25]} Nxd5 {[%clk
1:11:41]} 10. Ne4 {[%clk 1:23:32]} Bb6 {[%clk 1:10:04]} 11. Re1 {[%clk
1:19:49]} Kh8 {[%clk 1:00:03]} 12. h3 {[%clk 1:14:43]} Bxf3 {[%clk 0:50:26]}
13. Qxf3 {[%clk 1:14:35]} f5 {[%clk 0:49:55]} 14. Ng5 {[%clk 1:06:51]} e4
{[%clk 0:30:54]} 15. dxe4 {[%clk 0:50:38]} fxe4 {[%clk 0:27:45]} 16. Nf7+
{[%clk 0:49:14]} Rxf7 {[%clk 0:24:21]} 17. Qxf7 {[%clk 0:49:36]} Qf6 {[%clk
0:15:51]} 18. Qxf6 {[%clk 0:48:18]} Nxf6 {[%clk 0:15:59]} 19. Bg5 {[%clk
0:45:28]} Rf8 {[%clk 0:14:51]} 20. Be3 {[%clk 0:36:22]} Ne5 {[%clk 0:12:30]}
21. Bxb6 {[%clk 0:35:30]} axb6 {[%clk 0:12:24]} 22. Bc2 {[%clk 0:34:58]} Nc4
{[%clk 0:08:29]} 23. Bxe4 {[%clk 0:33:27]} Nd6 {[%clk 0:07:42]} 24. Bf3 {[%clk
0:32:18]} Rf7 {[%clk 0:05:12]} 25. Re6 {[%clk 0:28:00]} h6 {[%clk 0:04:18]} 26.
Rae1 {[%clk 0:28:07]} Ng8 {[%clk 0:03:41]} 27. Bd5 {[%clk 0:25:55]} Rf8 {[%clk
0:03:10]} 28. f3 {[%clk 0:21:39]} Nf6 {[%clk 0:02:18]} 29. Bb3 {[%clk 0:21:44]}
Nc8 {[%clk 0:02:11]} 30. Kf2 {[%clk 0:19:09]} Kh7 {[%clk 0:02:10]} 31. f4
{[%clk 0:15:47]} h5 {[%clk 0:01:09]} 32. g3 {[%clk 0:13:55]} Nd6 {[%clk
0:01:20]} 33. Kf3 {[%clk 0:12:30]} Rd8 {[%clk 0:00:50]} 34. g4 {[%clk 0:12:05]}
h4 {[%clk 0:01:05]} 35. g5 {[%clk 0:09:22]} Nd7 {[%clk 0:00:50]} 36. Re7 {[%clk
0:08:13]} Nc5 {[%clk 0:00:53]} 37. Bc2+ {[%clk 0:08:13]} Kg8 {[%clk 0:01:07]}
38. Kg4 {[%clk 0:06:24]} Rf8 {[%clk 0:01:16]} 39. Rxc7 {[%clk 0:05:43]} Ne8
{[%clk 0:01:00]} 40. Rce7 {[%clk 0:05:35]} Nd6 {[%clk 0:01:17]} 41. b4 {[%clk
0:04:55]} Na6 {[%clk 0:00:57]} 42. R1e6 {[%clk 0:04:40]} Nb5 {[%clk 0:00:37]}
43. Rg6 {[%clk 0:04:38]} 1-0

[Event "DEM U18w 2021"]
[Site "Willingen GER"]
[Date "2021.08.24"]
[Round "3"]
[White "Rudolph, Eva"]
[Black "Fock, Amina"]
[Result "1/2-1/2"]
[Termination "normal"]
[Board "7"]
[WhiteElo "1790"]
[BlackElo "1828"]
[WhiteClock "00:01:26"]
[BlackClock "00:07:19"]
[PlyCount "58"]
[WhiteFideId "16200594"]
[BlackFideId "12981982"]
[EventCountry "GER"]
[EventRounds "9"]
[EventType "swiss"]
[EventDate "2021.08.22"]

1. e4 {[%clk 1:30:58]} e5 {[%clk 1:30:54]} 2. Nf3 {[%clk 1:31:11]} Nc6 {[%clk
1:31:18]} 3. d4 {[%clk 1:30:15]} exd4 {[%clk 1:31:33]} 4. Bc4 {[%clk 1:29:14]}
Nf6 {[%clk 1:30:55]} 5. e5 {[%clk 1:29:34]} d5 {[%clk 1:29:27]} 6. Bb5 {[%clk
1:29:38]} Ne4 {[%clk 1:29:09]} 7. Nxd4 {[%clk 1:29:58]} Bc5 {[%clk 1:28:08]} 8.
Be3 {[%clk 1:29:43]} O-O {[%clk 1:27:00]} 9. Nxc6 {[%clk 1:11:47]} bxc6 {[%clk
1:26:21]} 10. Bxc5 {[%clk 1:10:26]} Nxc5 {[%clk 1:26:41]} 11. Bxc6 {[%clk
1:02:57]} Rb8 {[%clk 1:25:55]} 12. O-O {[%clk 0:57:36]} d4 {[%clk 1:12:48]} 13.
Nd2 {[%clk 0:49:46]} d3 {[%clk 0:58:12]} 14. Nb3 {[%clk 0:39:15]} Nxb3 {[%clk
0:53:48]} 15. axb3 {[%clk 0:38:34]} dxc2 {[%clk 0:52:01]} 16. Qxc2 {[%clk
0:38:49]} Qd4 {[%clk 0:46:07]} 17. Rfe1 {[%clk 0:35:53]} Be6 {[%clk 0:39:39]}
18. Ra4 {[%clk 0:32:03]} Qd8 {[%clk 0:29:27]} 19. b4 {[%clk 0:28:47]} a6 {[%clk
0:21:17]} 20. Qc5 {[%clk 0:15:33]} Qd2 {[%clk 0:17:19]} 21. Qc3 {[%clk
0:15:26]} Rfd8 {[%clk 0:15:52]} 22. Rxa6 {[%clk 0:12:02]} Rd3 {[%clk 0:13:40]}
23. Qxd2 {[%clk 0:09:46]} Rxd2 {[%clk 0:14:03]} 24. Rea1 {[%clk 0:09:00]} Rxb2
{[%clk 0:12:29]} 25. b5 {[%clk 0:08:27]} g6 {[%clk 0:11:57]} 26. h3 {[%clk
0:07:17]} Bc4 {[%clk 0:08:22]} 27. Ra7 {[%clk 0:00:47]} Bxb5 {[%clk 0:07:53]}
28. Bxb5 {[%clk 0:01:09]} R2xb5 {[%clk 0:07:31]} 29. Rxc7 {[%clk 0:01:26]} Rxe5
{[%clk 0:07:19]} 1/2-1/2

[Event "DEM U18w 2021"]
[Site "Willingen GER"]
[Date "2021.08.24"]
[Round "3"]
[White "Falke, Ornella"]
[Black "Nizamova, Rita"]
[Result "0-1"]
[Termination "normal"]
[Board "8"]
[WhiteElo "1674"]
[BlackElo "1754"]
[WhiteClock "00:28:32"]
[BlackClock "00:29:05"]
[PlyCount "94"]
[WhiteFideId "16207092"]
[BlackFideId "16221940"]
[EventCountry "GER"]
[EventRounds "9"]
[EventType "swiss"]
[EventDate "2021.08.22"]

1. e4 {[%clk 1:30:54]} e5 {[%clk 1:30:57]} 2. Nf3 {[%clk 1:31:16]} Nf6 {[%clk
1:31:23]} 3. Nxe5 {[%clk 1:30:55]} Nc6 {[%clk 1:31:46]} 4. Nc4 {[%clk 1:12:42]}
Nxe4 {[%clk 1:31:20]} 5. Qe2 {[%clk 1:03:11]} Qe7 {[%clk 1:31:33]} 6. d3 {[%clk
1:01:58]} Nd4 {[%clk 1:17:42]} 7. Qxe4 {[%clk 1:01:33]} Nxc2+ {[%clk 1:17:19]}
8. Kd1 {[%clk 1:01:41]} Nxa1 {[%clk 1:17:24]} 9. b3 {[%clk 0:58:25]} d5 {[%clk
1:16:07]} 10. Qxd5 {[%clk 0:57:17]} Qf6 {[%clk 1:14:41]} 11. Bb2 {[%clk
0:52:39]} Qxf2 {[%clk 1:14:00]} 12. Qe4+ {[%clk 0:50:46]} Be6 {[%clk 1:12:03]}
13. Be2 {[%clk 0:48:20]} O-O-O {[%clk 1:07:09]} 14. Rf1 {[%clk 0:44:54]} Qc5
{[%clk 1:04:10]} 15. Bxa1 {[%clk 0:44:31]} Qg5 {[%clk 0:56:31]} 16. Ne5 {[%clk
0:37:07]} f5 {[%clk 0:45:17]} 17. Qa4 {[%clk 0:36:56]} Bc5 {[%clk 0:33:40]} 18.
Nd2 {[%clk 0:34:24]} Rhe8 {[%clk 0:29:24]} 19. Bf3 {[%clk 0:34:18]} Qe7 {[%clk
0:26:47]} 20. b4 {[%clk 0:12:55]} Bb6 {[%clk 0:25:51]} 21. b5 {[%clk 0:12:04]}
Bd5 {[%clk 0:22:59]} 22. Ndc4 {[%clk 0:11:28]} Qc5 {[%clk 0:16:10]} 23. Nxb6+
{[%clk 0:09:23]} Qxb6 {[%clk 0:15:55]} 24. Bd4 {[%clk 0:09:47]} Bb3+ {[%clk
0:10:37]} 25. Qxb3 {[%clk 0:09:49]} Qxd4 {[%clk 0:10:31]} 26. Nc4 {[%clk
0:09:04]} Qa1+ {[%clk 0:09:12]} 27. Kc2 {[%clk 0:08:20]} Qxf1 {[%clk 0:09:06]}
28. Qc3 {[%clk 0:06:26]} Qf2+ {[%clk 0:07:52]} 29. Kb3 {[%clk 0:06:51]} Qd4
{[%clk 0:07:40]} 30. Na5 {[%clk 0:05:48]} Qxc3+ {[%clk 0:07:40]} 31. Kxc3
{[%clk 0:06:14]} c6 {[%clk 0:05:37]} 32. bxc6 {[%clk 0:06:36]} bxc6 {[%clk
0:06:03]} 33. Nxc6 {[%clk 0:06:53]} Rd7 {[%clk 0:05:38]} 34. d4 {[%clk
0:06:59]} Rc7 {[%clk 0:05:34]} 35. Kb4 {[%clk 0:06:37]} Rb7+ {[%clk 0:04:49]}
36. Kc5 {[%clk 0:06:44]} Re1 {[%clk 0:03:31]} 37. a4 {[%clk 0:06:23]} Kc7
{[%clk 0:03:36]} 38. d5 {[%clk 0:05:50]} Rc1+ {[%clk 0:03:46]} 39. Kd4 {[%clk
0:06:11]} Kd6 {[%clk 0:04:01]} 40. a5 {[%clk 0:06:01]} Ra1 {[%clk 0:03:09]} 41.
h4 {[%clk 0:02:52]} Ra4+ {[%clk 0:01:36]} 42. Ke3 {[%clk 0:00:43]} Rxh4 {[%clk
0:29:42]} 43. Nd4 {[%clk 0:30:33]} g6 {[%clk 0:28:23]} 44. g3 {[%clk 0:28:33]}
Rxd4 {[%clk 0:28:23]} 45. Kxd4 {[%clk 0:28:47]} Rb4+ {[%clk 0:28:46]} 46. Ke3
{[%clk 0:28:40]} Ra4 {[%clk 0:29:05]} 47. Kd3 {[%clk 0:28:32]} Rxa5 {[%clk
0:29:05]} 0-1

[Event "DEM U18w 2021"]
[Site "Willingen GER"]
[Date "2021.08.24"]
[Round "3"]
[White "Zell, Hannah"]
[Black "Jacoby, Angelina"]
[Result "1/2-1/2"]
[Termination "normal"]
[Board "9"]
[WhiteElo "1614"]
[BlackElo "1594"]
[WhiteClock "00:18:25"]
[BlackClock "00:27:40"]
[PlyCount "47"]
[WhiteFideId "16208900"]
[BlackFideId "12999008"]
[EventCountry "GER"]
[EventRounds "9"]
[EventType "swiss"]
[EventDate "2021.08.22"]

1. e4 {[%clk 1:30:54]} d5 {[%clk 1:30:53]} 2. exd5 {[%clk 1:31:13]} Qxd5 {[%clk
1:31:16]} 3. Nc3 {[%clk 1:31:22]} Qd8 {[%clk 1:31:34]} 4. d4 {[%clk 1:31:31]}
Nf6 {[%clk 1:30:51]} 5. Nf3 {[%clk 1:30:56]} Bg4 {[%clk 1:31:02]} 6. h3 {[%clk
1:30:40]} Bxf3 {[%clk 1:31:05]} 7. Qxf3 {[%clk 1:31:00]} c6 {[%clk 1:31:30]} 8.
Be3 {[%clk 1:30:13]} e6 {[%clk 1:31:19]} 9. Bd3 {[%clk 1:29:05]} Bd6 {[%clk
1:27:08]} 10. O-O {[%clk 1:14:24]} Nbd7 {[%clk 1:24:42]} 11. Ne4 {[%clk
0:58:56]} Nxe4 {[%clk 1:19:19]} 12. Bxe4 {[%clk 0:57:51]} Nf6 {[%clk 1:17:56]}
13. Bg5 {[%clk 0:44:29]} Be7 {[%clk 1:17:04]} 14. Bxf6 {[%clk 0:44:42]} Bxf6
{[%clk 1:17:13]} 15. c3 {[%clk 0:45:00]} O-O {[%clk 1:17:02]} 16. Bc2 {[%clk
0:40:17]} Qc7 {[%clk 0:58:58]} 17. Rfe1 {[%clk 0:36:04]} Rfd8 {[%clk 0:50:53]}
18. Rad1 {[%clk 0:31:32]} Rd7 {[%clk 0:42:19]} 19. Qe4 {[%clk 0:26:31]} g6
{[%clk 0:42:08]} 20. Qf3 {[%clk 0:23:12]} Bg7 {[%clk 0:40:34]} 21. h4 {[%clk
0:22:50]} Qd8 {[%clk 0:30:01]} 22. h5 {[%clk 0:21:15]} Qg5 {[%clk 0:27:28]} 23.
hxg6 {[%clk 0:21:02]} hxg6 {[%clk 0:27:40]} 24. Qe3 {[%clk 0:18:25]} 1/2-1/2

[Event "DEM U18w 2021"]
[Site "Willingen GER"]
[Date "2021.08.24"]
[Round "3"]
[White "Trams, Emma Joe"]
[Black "Cheredzhiyska, Iva"]
[Result "1/2-1/2"]
[Termination "normal"]
[Board "10"]
[WhiteElo "1466"]
[BlackElo "1571"]
[WhiteClock "00:12:22"]
[BlackClock "00:04:16"]
[PlyCount "82"]
[WhiteFideId "16206517"]
[BlackFideId "16241622"]
[EventCountry "GER"]
[EventRounds "9"]
[EventType "swiss"]
[EventDate "2021.08.22"]

1. e4 {[%clk 1:30:57]} e5 {[%clk 1:30:39]} 2. Nf3 {[%clk 1:31:18]} Nc6 {[%clk
1:31:05]} 3. Bb5 {[%clk 1:31:36]} f5 {[%clk 1:31:09]} 4. d3 {[%clk 1:31:43]}
fxe4 {[%clk 1:30:45]} 5. dxe4 {[%clk 1:31:41]} Nf6 {[%clk 1:29:54]} 6. O-O
{[%clk 1:30:18]} d6 {[%clk 1:29:56]} 7. Bg5 {[%clk 1:30:19]} Be7 {[%clk
1:29:54]} 8. Re1 {[%clk 1:30:12]} Be6 {[%clk 1:20:18]} 9. Nc3 {[%clk 1:29:45]}
O-O {[%clk 1:14:11]} 10. Qe2 {[%clk 1:29:11]} h6 {[%clk 1:10:59]} 11. Bh4
{[%clk 1:29:13]} Bg4 {[%clk 1:03:33]} 12. Qe3 {[%clk 1:27:15]} Nh5 {[%clk
0:51:59]} 13. Bxe7 {[%clk 1:24:50]} Nxe7 {[%clk 0:52:13]} 14. Bc4+ {[%clk
1:23:27]} Kh8 {[%clk 0:50:00]} 15. Nh4 {[%clk 1:21:40]} g5 {[%clk 0:45:17]} 16.
h3 {[%clk 1:21:32]} Bd7 {[%clk 0:44:30]} 17. Nf3 {[%clk 1:20:58]} Ng6 {[%clk
0:42:28]} 18. Ne2 {[%clk 1:18:44]} Qf6 {[%clk 0:36:49]} 19. Nh2 {[%clk
1:12:49]} Nhf4 {[%clk 0:32:28]} 20. Qg3 {[%clk 1:08:33]} Nh4 {[%clk 0:29:16]}
21. Nxf4 {[%clk 1:03:28]} gxf4 {[%clk 0:29:20]} 22. Qd3 {[%clk 1:01:57]} Qg6
{[%clk 0:26:55]} 23. g4 {[%clk 0:58:08]} fxg3 {[%clk 0:21:09]} 24. Qxg3 {[%clk
0:57:32]} Bxh3 {[%clk 0:19:07]} 25. Re3 {[%clk 0:56:15]} Bd7 {[%clk 0:17:47]}
26. Kf1 {[%clk 0:51:49]} Rf4 {[%clk 0:15:50]} 27. Rd1 {[%clk 0:43:12]} Raf8
{[%clk 0:14:54]} 28. Rd2 {[%clk 0:42:23]} Qf6 {[%clk 0:13:45]} 29. Ke1 {[%clk
0:34:49]} Be8 {[%clk 0:09:32]} 30. Ng4 {[%clk 0:23:32]} Qg5 {[%clk 0:09:11]}
31. Nh2 {[%clk 0:21:12]} Ng2+ {[%clk 0:08:53]} 32. Kd1 {[%clk 0:16:56]} Nxe3+
{[%clk 0:07:09]} 33. Qxe3 {[%clk 0:16:22]} Rxf2 {[%clk 0:06:32]} 34. Rxf2
{[%clk 0:15:06]} Qxe3 {[%clk 0:03:23]} 35. Rxf8+ {[%clk 0:15:17]} Kg7 {[%clk
0:03:39]} 36. Rxe8 {[%clk 0:14:35]} Qxe4 {[%clk 0:03:39]} 37. Rg8+ {[%clk
0:14:20]} Kf6 {[%clk 0:03:44]} 38. Ng4+ {[%clk 0:14:36]} Ke7 {[%clk 0:03:53]}
39. Rg7+ {[%clk 0:12:58]} Kd8 {[%clk 0:04:02]} 40. Rg8+ {[%clk 0:12:31]} Ke7
{[%clk 0:04:24]} 41. Rg7+ {[%clk 0:12:22]} Kd8 {[%clk 0:04:16]} 1/2-1/2

[Event "DEM U18w 2021"]
[Site "Willingen GER"]
[Date "2021.08.24"]
[Round "3"]
[White "Biermann, Sophie"]
[Black "Schmidt, Antonia"]
[Result "0-1"]
[Termination "normal"]
[Board "11"]
[WhiteElo "1652"]
[BlackElo "1651"]
[WhiteClock "00:28:23"]
[BlackClock "00:52:50"]
[PlyCount "84"]
[WhiteFideId "16208960"]
[BlackFideId "16291280"]
[EventCountry "GER"]
[EventRounds "9"]
[EventType "swiss"]
[EventDate "2021.08.22"]

1. d4 {[%clk 1:30:55]} Nf6 {[%clk 1:30:58]} 2. Nf3 {[%clk 1:31:17]} g6 {[%clk
1:31:23]} 3. Bf4 {[%clk 1:31:33]} d6 {[%clk 1:31:49]} 4. e3 {[%clk 1:31:22]}
Bg7 {[%clk 1:32:04]} 5. h3 {[%clk 1:31:13]} O-O {[%clk 1:32:10]} 6. Nbd2 {[%clk
1:30:59]} Nbd7 {[%clk 1:31:56]} 7. Be2 {[%clk 1:29:51]} Qe8 {[%clk 1:30:05]} 8.
c3 {[%clk 1:23:27]} e5 {[%clk 1:29:12]} 9. dxe5 {[%clk 1:22:04]} dxe5 {[%clk
1:29:37]} 10. Bh2 {[%clk 1:18:57]} Qe7 {[%clk 1:26:57]} 11. Nc4 {[%clk
1:14:16]} Ne8 {[%clk 1:26:39]} 12. Qc2 {[%clk 1:07:41]} f6 {[%clk 1:26:33]} 13.
h4 {[%clk 0:59:21]} Nc5 {[%clk 1:25:12]} 14. e4 {[%clk 0:46:43]} a5 {[%clk
1:18:42]} 15. O-O {[%clk 0:41:32]} Be6 {[%clk 1:15:28]} 16. Ne1 {[%clk
0:36:23]} b5 {[%clk 1:08:23]} 17. Ne3 {[%clk 0:33:56]} Nd6 {[%clk 1:06:27]} 18.
Nd5 {[%clk 0:29:33]} Qf7 {[%clk 1:05:57]} 19. Ne3 {[%clk 0:25:57]} Bxa2 {[%clk
0:50:52]} 20. f4 {[%clk 0:20:40]} Bb3 {[%clk 0:43:13]} 21. Qc1 {[%clk 0:18:40]}
exf4 {[%clk 0:42:02]} 22. Bxf4 {[%clk 0:17:33]} Ncxe4 {[%clk 0:41:57]} 23. Bf3
{[%clk 0:12:16]} Ra6 {[%clk 0:39:00]} 24. Nd3 {[%clk 0:11:25]} f5 {[%clk
0:30:54]} 25. Nb4 {[%clk 0:09:48]} Ra7 {[%clk 0:25:25]} 26. Nc6 {[%clk
0:09:09]} Raa8 {[%clk 0:25:50]} 27. Bxd6 {[%clk 0:05:33]} Nxd6 {[%clk 0:24:03]}
28. Nxa5 {[%clk 0:03:59]} Be6 {[%clk 0:22:15]} 29. Bxa8 {[%clk 0:03:59]} Rxa8
{[%clk 0:22:42]} 30. Nc6 {[%clk 0:03:43]} Re8 {[%clk 0:22:17]} 31. Ra5 {[%clk
0:03:11]} Bh6 {[%clk 0:22:32]} 32. Qe1 {[%clk 0:00:55]} Bc4 {[%clk 0:21:35]}
33. Rf3 {[%clk 0:01:01]} Bd5 {[%clk 0:21:53]} 34. Rf2 {[%clk 0:00:33]} Bxe3
{[%clk 0:22:02]} 35. Nd4 {[%clk 0:00:36]} Bxd4 {[%clk 0:22:15]} 36. Qd2 {[%clk
0:00:36]} Bb6 {[%clk 0:22:11]} 37. Ra1 {[%clk 0:00:31]} Ne4 {[%clk 0:22:29]}
38. Qc2 {[%clk 0:00:33]} Nxf2 {[%clk 0:22:38]} 39. Rf1 {[%clk 0:00:33]} Ng4+
{[%clk 0:22:23]} 40. Kh1 {[%clk 0:00:40]} Ne3 {[%clk 0:22:45]} 41. Qc1 {[%clk
0:28:04]} Bxg2+ {[%clk 0:53:01]} 42. Kh2 {[%clk 0:28:23]} Bxf1 {[%clk 0:52:50]}
0-1

[Event "DEM U18w 2021"]
[Site "Willingen GER"]
[Date "2021.08.25"]
[Round "4"]
[White "Stowicek, Yara Mathilda"]
[Black "Peglau, Sarah"]
[Result "0-1"]
[Termination "normal"]
[Board "1"]
[WhiteElo "1823"]
[BlackElo "1888"]
[WhiteClock "00:00:50"]
[BlackClock "00:05:09"]
[PlyCount "70"]
[WhiteFideId "16203569"]
[BlackFideId "16219961"]
[EventCountry "GER"]
[EventRounds "9"]
[EventType "swiss"]
[EventDate "2021.08.22"]

1. e4 {[%clk 1:30:58]} c5 {[%clk 1:30:55]} 2. Nf3 {[%clk 1:31:15]} Nc6 {[%clk
1:31:17]} 3. c3 {[%clk 1:31:23]} Nf6 {[%clk 1:30:15]} 4. d3 {[%clk 1:31:04]} d5
{[%clk 1:24:50]} 5. e5 {[%clk 1:28:25]} Nd7 {[%clk 1:24:32]} 6. d4 {[%clk
1:28:03]} b6 {[%clk 1:13:09]} 7. Bd3 {[%clk 1:27:15]} a5 {[%clk 1:08:15]} 8.
O-O {[%clk 1:25:18]} e6 {[%clk 1:06:24]} 9. a4 {[%clk 1:12:08]} Ba6 {[%clk
1:01:34]} 10. Bxa6 {[%clk 1:04:24]} Rxa6 {[%clk 1:01:54]} 11. Qe2 {[%clk
1:03:37]} Ra8 {[%clk 1:00:30]} 12. Bg5 {[%clk 1:00:48]} Be7 {[%clk 0:55:54]}
13. Bxe7 {[%clk 0:58:30]} Qxe7 {[%clk 0:56:16]} 14. Na3 {[%clk 0:58:29]} Na7
{[%clk 0:54:09]} 15. h3 {[%clk 0:39:23]} O-O {[%clk 0:52:48]} 16. Qd2 {[%clk
0:33:05]} Rab8 {[%clk 0:48:09]} 17. c4 {[%clk 0:28:26]} Rfd8 {[%clk 0:36:06]}
18. cxd5 {[%clk 0:23:02]} exd5 {[%clk 0:36:07]} 19. Rfe1 {[%clk 0:22:48]} c4
{[%clk 0:34:15]} 20. Qc3 {[%clk 0:18:05]} Qb4 {[%clk 0:32:55]} 21. Nd2 {[%clk
0:13:28]} b5 {[%clk 0:31:26]} 22. axb5 {[%clk 0:09:30]} Nxb5 {[%clk 0:31:19]}
23. Nxb5 {[%clk 0:08:34]} Rxb5 {[%clk 0:31:15]} 24. Reb1 {[%clk 0:08:26]} Nf8
{[%clk 0:18:42]} 25. f4 {[%clk 0:05:47]} g6 {[%clk 0:11:07]} 26. Kf2 {[%clk
0:02:44]} Rdb8 {[%clk 0:10:16]} 27. g3 {[%clk 0:02:13]} Ne6 {[%clk 0:09:13]}
28. Ke2 {[%clk 0:01:38]} Nd8 {[%clk 0:07:22]} 29. g4 {[%clk 0:01:26]} Nc6
{[%clk 0:05:02]} 30. Ke3 {[%clk 0:00:44]} Qe7 {[%clk 0:05:05]} 31. g5 {[%clk
0:00:43]} Rb3 {[%clk 0:04:29]} 32. Nxb3 {[%clk 0:00:53]} Rxb3 {[%clk 0:04:58]}
33. Kd2 {[%clk 0:00:39]} Rxc3 {[%clk 0:05:22]} 34. bxc3 {[%clk 0:01:00]} Qd7
{[%clk 0:05:04]} 35. Rh1 {[%clk 0:00:50]} Qf5 {[%clk 0:05:09]} 0-1

[Event "DEM U18w 2021"]
[Site "Willingen GER"]
[Date "2021.08.25"]
[Round "4"]
[White "Bui, Ngoc Han Julia"]
[Black "Müdder, Melanie"]
[Result "1/2-1/2"]
[Termination "normal"]
[Board "2"]
[WhiteElo "1891"]
[BlackElo "1959"]
[WhiteClock "00:04:28"]
[BlackClock "00:03:58"]
[PlyCount "74"]
[WhiteFideId "12977055"]
[BlackFideId "12994103"]
[EventCountry "GER"]
[EventRounds "9"]
[EventType "swiss"]
[EventDate "2021.08.22"]

1. e4 {[%clk 1:30:58]} c5 {[%clk 1:30:55]} 2. Nc3 {[%clk 1:31:21]} Nc6 {[%clk
1:31:17]} 3. Nge2 {[%clk 1:31:45]} Nd4 {[%clk 1:30:44]} 4. d3 {[%clk 1:28:35]}
g6 {[%clk 1:30:39]} 5. Be3 {[%clk 1:27:29]} Bg7 {[%clk 1:28:55]} 6. Qd2 {[%clk
1:25:32]} d6 {[%clk 1:27:18]} 7. Nd1 {[%clk 1:20:04]} d5 {[%clk 1:20:30]} 8. c3
{[%clk 1:18:40]} Nxe2 {[%clk 1:15:29]} 9. Bxe2 {[%clk 1:16:40]} d4 {[%clk
1:13:22]} 10. Bg5 {[%clk 1:09:34]} f6 {[%clk 1:07:33]} 11. Bh4 {[%clk 1:09:31]}
Bh6 {[%clk 1:07:50]} 12. Qc2 {[%clk 1:07:51]} e5 {[%clk 0:57:27]} 13. Bg3
{[%clk 1:04:56]} Be6 {[%clk 0:48:42]} 14. O-O {[%clk 1:02:50]} Qd6 {[%clk
0:42:16]} 15. b4 {[%clk 0:57:44]} Ne7 {[%clk 0:38:34]} 16. bxc5 {[%clk
0:54:47]} Qxc5 {[%clk 0:38:26]} 17. Rb1 {[%clk 0:51:41]} b6 {[%clk 0:35:15]}
18. Qa4+ {[%clk 0:38:48]} Qc6 {[%clk 0:32:08]} 19. Qb4 {[%clk 0:32:02]} Qd7
{[%clk 0:29:27]} 20. f4 {[%clk 0:29:37]} O-O {[%clk 0:27:06]} 21. fxe5 {[%clk
0:25:27]} Nc6 {[%clk 0:25:05]} 22. Qd6 {[%clk 0:24:43]} fxe5 {[%clk 0:23:56]}
23. Qxd7 {[%clk 0:22:11]} Bxd7 {[%clk 0:24:20]} 24. c4 {[%clk 0:20:30]} Rxf1+
{[%clk 0:21:09]} 25. Kxf1 {[%clk 0:20:03]} Rf8+ {[%clk 0:20:05]} 26. Kg1 {[%clk
0:18:29]} Re8 {[%clk 0:13:22]} 27. Rb5 {[%clk 0:15:52]} Bf8 {[%clk 0:11:10]}
28. Nf2 {[%clk 0:14:44]} h5 {[%clk 0:08:56]} 29. Nh3 {[%clk 0:12:12]} Bxh3
{[%clk 0:07:20]} 30. gxh3 {[%clk 0:12:39]} Bc5 {[%clk 0:07:13]} 31. Be1 {[%clk
0:10:36]} Rf8 {[%clk 0:05:51]} 32. Kg2 {[%clk 0:11:01]} Kg7 {[%clk 0:05:38]}
33. Rb2 {[%clk 0:08:03]} Ba3 {[%clk 0:05:18]} 34. Rb1 {[%clk 0:07:33]} Bc5
{[%clk 0:05:33]} 35. Bd1 {[%clk 0:07:40]} Nd8 {[%clk 0:04:56]} 36. a4 {[%clk
0:07:10]} a5 {[%clk 0:04:34]} 37. Bg3 {[%clk 0:04:28]} Nc6 {[%clk 0:03:58]}
1/2-1/2

[Event "DEM U18w 2021"]
[Site "Willingen GER"]
[Date "2021.08.25"]
[Round "4"]
[White "Wagner, Victoria"]
[Black "Peglau, Dora"]
[Result "1-0"]
[Termination "normal"]
[Board "3"]
[WhiteElo "1657"]
[BlackElo "1906"]
[WhiteClock "00:42:48"]
[BlackClock "00:18:52"]
[PlyCount "41"]
[WhiteFideId "16232348"]
[BlackFideId "16220005"]
[EventCountry "GER"]
[EventRounds "9"]
[EventType "swiss"]
[EventDate "2021.08.22"]

1. e4 {[%clk 1:30:57]} c6 {[%clk 1:30:56]} 2. d4 {[%clk 1:31:19]} d5 {[%clk
1:31:22]} 3. f3 {[%clk 1:31:40]} dxe4 {[%clk 1:31:17]} 4. fxe4 {[%clk 1:31:23]}
e5 {[%clk 1:31:29]} 5. Nf3 {[%clk 1:25:11]} Bg4 {[%clk 1:28:09]} 6. Bc4 {[%clk
1:17:03]} Bxf3 {[%clk 1:08:04]} 7. Qxf3 {[%clk 1:15:56]} Qh4+ {[%clk 1:03:01]}
8. g3 {[%clk 1:11:38]} Qf6 {[%clk 1:03:23]} 9. O-O {[%clk 1:09:49]} Qxf3 {[%clk
0:56:04]} 10. Rxf3 {[%clk 1:10:11]} f6 {[%clk 0:53:53]} 11. dxe5 {[%clk
1:06:59]} Nd7 {[%clk 0:47:15]} 12. exf6 {[%clk 0:56:36]} Ngxf6 {[%clk 0:43:44]}
13. Bf4 {[%clk 0:55:16]} Nxe4 {[%clk 0:40:40]} 14. Nc3 {[%clk 0:51:04]} Nxc3
{[%clk 0:34:45]} 15. Re1+ {[%clk 0:49:52]} Kd8 {[%clk 0:32:32]} 16. bxc3 {[%clk
0:49:41]} Bc5+ {[%clk 0:31:47]} 17. Kg2 {[%clk 0:48:52]} Re8 {[%clk 0:29:05]}
18. Rd1 {[%clk 0:44:23]} Kc8 {[%clk 0:24:55]} 19. Rfd3 {[%clk 0:43:01]} Nf6
{[%clk 0:18:26]} 20. Be6+ {[%clk 0:42:48]} Rxe6 {[%clk 0:18:52]} 21. Rd8# 1-0